Quiz o Stardew Valley - Statystyki

Ogólne statystyki
  • Ten quiz został rozwiązany 8 razy
  • Średni wynik to 15 z 20
Statystyki odpowiedzi
Pytanie Odpowiedz % Poprawnych
Ile jest poziomów w kopalni w górach? 120
100%
W którym roku gra miała swoją premierę? 2016
100%
Jak ma na imię mąż Robin? Demetrius
100%
O jakiej porze roku rośnie pochrzyn (yam)? Jesienią
100%
Gdzie znajdują się zgubione przez Lewisa fioletowe spodenki? W sypialni Marnie
100%
Jakiego koloru jest skóra pana Qi? Błękitna
86%
Jaka roślina odblokowuje się po osiągnięciu 2 serc przyjaźni z Caroline? Herbata
86%
Jak nazywa się supermarket po drugiej stronie rzeki? Joja
86%
Kto stworzył grę? ConcernedApe
71%
Jaki festiwal polega na tańcu w parach naprzeciw siebie? Festiwal kwiatów
71%
Jak nazywa się wyspa odblokowywana po zbudowaniu łodzi? {Imbirowa} wyspa
71%
W niedziele można kupować schody u pustynnego sprzedawcy - za jaki minerał? Jadeit
71%
Jaka uprawa jako jedyna rośnie zimą? Nie liczymy roślin, których się szuka i zbiera. Melon pudrowy
71%
Jak nazywa się miasteczko, w którym dzieje się większość fabuły? Pelican Town
71%
W jaką minigrę można zagrać w jaskini piratów? Rzutki
71%
Kto ma urodziny 13. dnia lata? Alex
57%
Który NPC jako jedyny nienawidzi dostawać króliczej łapki jako prezent? Penny
57%
Jak ma na imię czarodziej? Rasmodius
57%
Jakie duże stworzenie przeszkadza nam w 3. etapie minigry Junimo Kart? Wieloryb
43%
Który owoc sprzedaje się najdrożej za sztukę? Słodka kryształowa jagoda
29%
Nie znaleziono quizów pasujących do podanych kryteriów
Rozkład punktacji
Procent ludzi z każdym wynikiem
Percentyl według liczby udzielonych odpowiedzi
Twoja historia wyników
Nie rozwiązałeś tego quizu